Inellectual Propety Law In Africa / (Record no. 32955)
[ view plain ]
| 000 -LEADER | |
|---|---|
| fixed length control field | 00630nam a22002177a 4500 |
| 003 - CONTROL NUMBER IDENTIFIER | |
| control field | OSt |
| 005 - DATE AND TIME OF LATEST TRANSACTION | |
| control field | 20240905110447.0 |
| 008 - FIXED-LENGTH DATA ELEMENTS--GENERAL INFORMATION | |
| fixed length control field | 240905b |||||||| |||| 00| 0 eng d |
| 040 ## - CATALOGING SOURCE | |
| Original cataloging agency | MMU |
| Language of cataloging | eng |
| Transcribing agency | MMU |
| Modifying agency | MMU |
| Description conventions | MMU |
| 100 ## - MAIN ENTRY--PERSONAL NAME | |
| Personal name | David Bakibinga |
| 9 (RLIN) | 1532 |
| 245 ## - TITLE STATEMENT | |
| Title | Inellectual Propety Law In Africa / |
| 250 ## - EDITION STATEMENT | |
| Edition statement | 2nd ed. |
| 260 ## - PUBLICATION, DISTRIBUTION, ETC. (IMPRINT) | |
| Place of publication, distribution, etc. | Nairobi |
| Name of publisher, distributor, etc. | LawAfrica publisher |
| Date of publication, distribution, etc. | 2021 |
| 300 ## - PHYSICAL DESCRIPTION | |
| Extent | xxvi,464p. |
| 440 ## - SERIES STATEMENT/ADDED ENTRY--TITLE | |
| Title | Intellectual Property Law In Africa / |
| 9 (RLIN) | 1533 |
| 500 ## - GENERAL NOTE | |
| General note | includes index |
| 600 ## - SUBJECT ADDED ENTRY--PERSONAL NAME | |
| Personal name | Kakungulu Mayambala |
| 9 (RLIN) | 1534 |
| 650 ## - SUBJECT ADDED ENTRY--TOPICAL TERM | |
| Source of heading or term | Musical Works |
| 700 ## - ADDED ENTRY--PERSONAL NAME | |
| Personal name | Kakungulu Mayambala |
| 9 (RLIN) | 1534 |
| 942 ## - ADDED ENTRY ELEMENTS (KOHA) | |
| Source of classification or shelving scheme | Library of Congress Classification |
| Koha item type | L |
| Edition | 2nd ed. |
No items available.